Obligaciones en moneda extranjera (Registro nro. 7478)

Detalles MARC
000 -LEADER
fixed length control field 01693 a2200229 4500
001 - CONTROL NUMBER
control field 61909
005 - DATE AND TIME OF LATEST TRANSACTION
control field 20260407155911.0
008 - FIXED-LENGTH DATA ELEMENTS--GENERAL INFORMATION
fixed length control field 260407a1991 arg spa d
003 - CONTROL NUMBER IDENTIFIER
control field AR-UNSa-BCEJYS
040 ## - CATALOGING SOURCE
Original cataloging agency AR-UNSa-BCEJYS
Language of cataloging spa
Transcribing agency AR-UNSa-BCEJYS
080 ## - UNIVERSAL DECIMAL CLASSIFICATION NUMBER
Universal Decimal Classification number 336.745
Common auxiliary subdivision Cambio de monedas. Moneda extranjera
020 ## - INTERNATIONAL STANDARD BOOK NUMBER
International Standard Book Number 978-950-14-0596-5
041 ## - LANGUAGE CODE
Language code of text/sound track or separate title spa
100 1# - MAIN ENTRY--PERSONAL NAME
Personal name Boggiano, Antonio
245 10 - TITLE STATEMENT
Title Obligaciones en moneda extranjera
Name of part/section of a work La reforma del Código Civil
250 ## - EDITION STATEMENT
Edition statement 2a. ed.
264 #1 - PRODUCTION, PUBLICATION, DISTRIBUTION, MANUFACTURE, AND COPYRIGHT NOTICE
Place of production, publication, distribution, manufacture Buenos Aires :
Name of producer, publisher, distributor, manufacturer Ediciones Depalma
Date of production, publication, distribution, manufacture, or copyright notice 1991
300 ## - PHYSICAL DESCRIPTION
Extent 237 p.
Dimensions 23 cm.
505 ## - FORMATTED CONTENTS NOTE
Formatted contents note 1. El poder del dinero y la democracia directa - 2. La moneda extranjera y l obligación en moneda extranjera - 3. El derecho de las obligaciones en moneda extranjera - 4. La realidad económica internacional de las obligaciones y la excesiva onerosidad sobreviniente - 5. Ejecución de una condena judicial a pagar en moneda extranjera - 6. Ejecución judicial en la Argentina de obligaciones en moneda extranjera - 7. Derecho monetario internacional y derecho internacional privado - 8. Diferencia del valor de las obligaciones internacionales en moneda extranjera según su lugar de pago - 9. Capitalización de intereses en los contratos internacionales de refinanciación y reestructuración de deudas - 10. La doctrina del "acto de Estado" y el lugar de pago de obligaciones internacionales en la jurisprudencia de Nueva York - 11. Contratos de cambio contrarios al acuerdo Bretton Woods - 12. El art. VIII, 2(b), del convenio del fondo monetario internacional - 13. Derecho transitorio de las obligaciones en moneda extranjera -
590 ## - LOCAL NOTE (RLIN)
Local note niveau_biblio:m niveau_hierar:0
942 ## - ADDED ENTRY ELEMENTS (KOHA)
Koha item type
Existencias
Withdrawn status Lost status Damaged status Not for loan Home library Current library Shelving location Date acquired Total checkouts Full call number Barcode Date last seen Price effective from Koha item type
        Biblioteca Prof. Eusebio Cleto del Rey Biblioteca Prof. Eusebio Cleto del Rey   07/04/2026   336.745 B674 2ed. L53811 07/04/2026 07/04/2026 Libro